| 000 | 00813nam a22003130a 4500 | ||
|---|---|---|---|
| 001 | UByD000647 | ||
| 003 | AR-LpoUNG | ||
| 005 | 20220618202037.0 | ||
| 008 | 220618s1968||||fr |||||||||||||||||fre d | ||
| 040 |
_aAR-LpoUNG _bspa _cAR-LpoUNG _eaacr |
||
| 041 | _afre | ||
| 044 | _afr | ||
| 082 | 0 | _a944.083 6liv | |
| 110 | 2 | _aUnion Nationale des Étudiants de France | |
| 245 | 1 | 3 | _aLe livre noir des journées de mai |
| 260 |
_aParís : _bDu Seuil, _c1968. |
||
| 300 |
_a96 p. : _bfot. |
||
| 650 | 4 | _aEUROPA | |
| 650 | 4 | _aFRANCIA | |
| 650 | 4 | _aHISTORIA | |
| 650 | 4 | _aHISTORIA POLITICA | |
| 650 | 4 | _aPROBLEMAS SOCIALES | |
| 650 | 4 | _aMOVIMIENTOS ESTUDIANTILES | |
| 650 | 4 | _aMOVIMIENTOS OBREROS | |
| 650 | 4 | _aMOVIMIENTOS SOCIALES | |
| 653 | _aMAYO FRANCES | ||
| 905 | _a32507 | ||
| 942 |
_cLIB _2ddc |
||
| 999 |
_c63332 _d63332 |
||